000 00842nam a2200229 a 4500
001 BRCA_9159
003 FranzMayer
005 20220809134421.0
008 031018s2018----mx-a######---#000-0#spa-#
040 _cMFM
041 _aspa
044 _amx
050 4 _aF1386.8
_b.M97 2018
245 1 0 _aMuseo Histórico de Palacio Nacional.
260 _aMéxico
_bSecretaría de Hacienda y Crédito Público
_c2018
300 _a295 p.
_bil. (algunas a color)
_c30 cm.
500 _aUbicación de CONT9974, CONT9976, CONT9977, CONT9978: L59-N5
500 _aIncluye piezas de la colección Franz Mayer (pp. 30-31, 34, 90-91, 98-99, 101, 102, 106-107, 108, 114-115, 117, 118, 127, 129, 130, 137, 139, 168, 178-179, 181 y 189)
504 _aBibliografía : p. 287-291
610 2 4 _aPalacio Nacional
_zCiudad de México
_92405
942 _2lcc
_cB
999 _c8806
_d8806